| 000 | 00804nam a2200277Ia 4500 | ||
|---|---|---|---|
| 003 | OSt | ||
| 005 | 20220925210632.0 | ||
| 006 | a|||||r|||| 00| 0 | ||
| 007 | ta | ||
| 008 | 220923b |||||||| |||| 00| 0 eng d | ||
| 020 | _a0813815606 | ||
| 037 | _cGeneral Book | ||
| 040 |
_aRTL _cRTL _beng |
||
| 041 |
_2eng _aeng |
||
| 082 | _aB28, H6;K7 | ||
| 100 |
_aSnedecor George W _9272833 |
||
| 245 | 0 | _aStatistical methods | |
| 250 | _aEd. 6 | ||
| 260 |
_aIowa _bIowa state Univ. Press _c1967 |
||
| 300 |
_axiv,593p. _ccm. |
||
| 500 | _aBibliography at the end of each chapter; Appendix : P541-75 | ||
| 650 |
_aStatistics _935791 |
||
| 700 |
_a Cochran William G _9272834 |
||
| 942 |
_hB28, H6;K7 _cGB _2CC |
||
| 999 |
_c555668 _d555668 |
||